[Event "Locri op 3rd"]
[Site "Locri"]
[Date "2015.07.14"]
[Round "2"]
[White "Rotstein, Arkadij"]
[Black "Cordi, Domenico"]
[Result "1-0"]
[WhiteElo "2502"]
[BlackElo "2037"]
[PlyCount "86"]
[EventDate "2015.07.13"]
[EventType "swiss"]
[EventRounds "9"]
[EventCountry "ITA"]
[SourceTitle "EXT 2024"]
[Source "ChessBase"]
[SourceDate "2023.10.10"]
[SourceVersion "1"]
[SourceVersionDate "2023.10.10"]
[SourceQuality "1"]

1. e4 e5 2. Nf3 Nc6 3. Bc4 Be7 4. Nc3 Nf6 5. d3 d6 6. a3 0-0 7. h3 a6 8. 0-0 h6 9. Ba2 Be6 10. Nd5 Bxd5 11. exd5 Nb8 12. d4 e4 13. Nd2 Re8 14. Re1 Bf8 15. c4 c6 16. dxc6 bxc6 17. Nf1 Nbd7 18. Bf4 c5 19. b4 cxd4 20. Qxd4 Ne5 21. Bxe5 Rxe5 22. Rad1 Qc7 23. Ng3 Rae8 24. Bb1 Qc6 25. Re3 g6 26. Ba2 h5 27. f4 exf3 28. Rxf3 Ne4 29. Nxe4 Rxe4 30. Qf6 Qc7 31. c5 R8e6 32. Bxe6 Rxe6 33. Qf4 Qa7 34. Rfd3 Be7 35. Rxd6 Bxd6 36. Rxd6 Qc7 37. Qd4 Rxd6 38. cxd6 Qd7 39. a4 h4 40. Kh2 g5 41. a5 f5 42. Qc4+ Kf8 43. Qc7 Ke8 1-0

[Event "Milan Crespi op-C 35th"]
[Site "Milan"]
[Date "2014.12.07"]
[Round "5"]
[White "Cordi, Domenico"]
[Black "Ferrari, Claudio"]
[Result "0-1"]
[WhiteElo "2033"]
[BlackElo "1969"]
[PlyCount "77"]
[EventDate "2014.12.04"]
[EventType "swiss"]
[EventRounds "7"]
[EventCountry "ITA"]
[SourceTitle "EXT 2017"]
[Source "ChessBase"]
[SourceDate "2016.10.25"]
[SourceVersion "1"]
[SourceVersionDate "2016.10.25"]
[SourceQuality "1"]

1. d4 d5 2. c4 e5 3. dxe5 d4 4. Nf3 Nc6 5. Bf4 Nge7 6. a3 Ng6 7. Bg3 h5 8. h3 h4 9. Bh2 Bf5 10. Nbd2 Qe7 11. Nb3 0-0-0 12. Qd2 Ngxe5 13. Nxe5 Nxe5 14. Bxe5 Qxe5 15. Qa5 Qxa5+ 16. Nxa5 Rh5 17. Nb3 Bc2 18. Nc1 Be7 19. Kd2 Bg6 20. Nd3 Rf5 21. Ke1 Bf6 22. Rg1 Re8 23. g4 hxg3 24. Rxg3 Bh4 25. Rg4 Bf6 26. Rd1 Bh5 27. Rf4 Rg5 28. f3 Ra5 29. h4 Bg6 30. Bh3+ Kb8 31. Kf1 Rh8 32. Nf2 c5 33. Kg2 Ra4 34. Ng4 Rxc4 35. Nxf6 gxf6 36. Rd2 Ra4 37. Rxf6 Rxh4 38. Kg3 Rh8 39. Bf5 0-1

[Event "Milan Molinari Memorial 8th"]
[Site "Milan"]
[Date "2014.11.02"]
[Round "6"]
[White "Cerioni, Armando"]
[Black "Cordi, Domenico"]
[Result "0-1"]
[WhiteElo "1975"]
[BlackElo "2002"]
[PlyCount "84"]
[EventDate "2014.10.29"]
[EventType "swiss"]
[EventRounds "6"]
[EventCountry "ITA"]
[SourceTitle "EXT 2016"]
[Source "ChessBase"]
[SourceDate "2015.10.08"]
[SourceVersion "1"]
[SourceVersionDate "2015.10.08"]
[SourceQuality "1"]

1. b3 c5 2. Bb2 d5 3. e3 Bf5 4. Nf3 a6 5. Be2 e6 6. 0-0 h6 7. c4 Nf6 8. d4 dxc4 9. bxc4 Qb6 10. Qa4+ Nbd7 11. Ba3 Bd6 12. dxc5 Bxc5 13. Bxc5 Qxc5 14. Nd4 Bg6 15. Nb3 Qe5 16. Qb4 a5 17. Qa3 a4 18. N1d2 Ra6 19. Nd4 Qc5 20. Qc3 0-0 21. Rac1 Rc8 22. Qa1 Ne5 23. Rfd1 Rd6 24. N2f3 Rcd8 25. Nxe5 Qxe5 26. Nb5 Rxd1+ 27. Rxd1 Qxa1 28. Rxa1 Rd2 29. Kf1 Ne4 30. a3 Rb2 31. Rd1 Kh7 32. f3 Nc5 33. e4 f6 34. Rc1 e5 35. Rc3 Be8 36. Nc7 Bc6 37. Nd5 Rb3 38. Rxb3 axb3 39. Bd1 b5 40. cxb5 Bxb5+ 41. Ke1 Bd3 42. Nc3 b2 0-1

[Event "Milan Molinari Memorial 8th"]
[Site "Milan"]
[Date "2014.10.31"]
[Round "3"]
[White "Cordi, Domenico"]
[Black "Podetti, Davide"]
[Result "1/2-1/2"]
[WhiteElo "2002"]
[BlackElo "1911"]
[PlyCount "114"]
[EventDate "2014.10.29"]
[EventType "swiss"]
[EventRounds "6"]
[EventCountry "ITA"]
[SourceTitle "EXT 2016"]
[Source "ChessBase"]
[SourceDate "2015.10.08"]
[SourceVersion "1"]
[SourceVersionDate "2015.10.08"]
[SourceQuality "1"]

1. d4 Nf6 2. Nf3 e6 3. c4 b6 4. g3 Ba6 5. Nbd2 Bb7 6. Bg2 d5 7. cxd5 exd5 8. 0-0 Be7 9. b3 0-0 10. Bb2 Nbd7 11. Rc1 c5 12. Qc2 Rc8 13. Qb1 cxd4 14. Nxd4 Nc5 15. Nf5 Qd7 16. Nf3 g6 17. Nxe7+ Qxe7 18. Bh3 Rcd8 19. Nd4 Nfe4 20. Qc2 Ng5 21. Bg2 Nge6 22. Qd2 f6 23. Rc2 Nxd4 24. Qxd4 Ne6 25. Qa4 d4 26. Qxa7 Rd7 27. Qxb6 Bxg2 28. Kxg2 Nf4+ 29. gxf4 Qe4+ 30. Kg1 Qxc2 31. Bxd4 Qxe2 32. f3 Rfd8 33. Bxf6 Rd1 34. Qxd8+ Rxd8 35. Bxd8 Qxa2 36. b4 Qd5 37. Be7 Qd4+ 38. Kg2 Kf7 39. Bc5 Qxf4 40. Rf2 h5 41. Re2 h4 42. Re3 Kg7 43. Rd3 h3+ 44. Kg1 Qc1+ 45. Kf2 Qc2+ 46. Ke3 Qxh2 47. Rd7+ Kf6 48. Rd6+ Kf7 49. Rd7+ Ke8 50. Re7+ Kd8 51. Rh7 Qg2 52. Bd6 Qg5+ 53. Kd4 Qd2+ 54. Kc5 Qc3+ 55. Kb6 Qd4+ 56. Kc6 Qc3+ 57. Kb6 Qd4+ 1/2-1/2

[Event "Milan Giugno A"]
[Site "Milan"]
[Date "2014.05.29"]
[Round "1"]
[White "Cordi, Domenico"]
[Black "Prevedello, Daniele"]
[Result "1-0"]
[WhiteElo "1995"]
[BlackElo "1815"]
[PlyCount "47"]
[EventDate "2014.05.29"]
[EventType "swiss"]
[EventRounds "6"]
[EventCountry "ITA"]
[SourceTitle "EXT 2024"]
[Source "ChessBase"]
[SourceDate "2023.10.10"]
[SourceVersion "1"]
[SourceVersionDate "2023.10.10"]
[SourceQuality "1"]

1. d4 d5 2. Nf3 Nf6 3. c4 c6 4. Nc3 dxc4 5. a4 Bf5 6. e3 e6 7. Bxc4 Bb4 8. 0-0 Nbd7 9. Qe2 0-0 10. e4 Bg4 11. Rd1 Qe7 12. h3 Bh5 13. Bg5 e5 14. d5 h6 15. Bh4 g5 16. Bg3 cxd5 17. Nxd5 Nxd5 18. Bxd5 Nf6 19. Qb5 Bxf3 20. gxf3 Nxd5 21. Rxd5 Bd6 22. Rad1 Rfd8 23. Bxe5 a6 24. Qb6 1-0

[Event "Locri op 2nd"]
[Site "Locri"]
[Date "2014.04.18"]
[Round "5"]
[White "Cordi, Domenico"]
[Black "Carbone, Edoardo"]
[Result "0-1"]
[WhiteElo "1993"]
[BlackElo "1901"]
[PlyCount "90"]
[EventDate "2014.04.16"]
[EventType "swiss"]
[EventRounds "7"]
[EventCountry "ITA"]
[SourceTitle "EXT 2017"]
[Source "ChessBase"]
[SourceDate "2016.10.25"]
[SourceVersion "1"]
[SourceVersionDate "2016.10.25"]
[SourceQuality "1"]

1. d4 Nf6 2. Nf3 e6 3. c4 Bb4+ 4. Bd2 Qe7 5. a3 Bxd2+ 6. Nbxd2 d5 7. e3 0-0 8. Rc1 c6 9. Bd3 Nbd7 10. Qc2 h6 11. 0-0 e5 12. dxe5 Nxe5 13. Nxe5 Qxe5 14. Nf3 Qe7 15. Nd4 dxc4 16. Bxc4 Ng4 17. h3 Ne5 18. Ba2 Kh8 19. Rfd1 Bd7 20. Bb1 Ng6 21. Nf3 Rfd8 22. Qc3 Nf8 23. Rd4 Be6 24. Rcd1 Kg8 25. Qd2 Rxd4 26. Qxd4 c5 27. Qd6 Qxd6 28. Rxd6 f6 29. Be4 Rb8 30. Kf1 Kf7 31. Ke1 Ke7 32. Rd2 f5 33. Bd5 b6 34. Kd1 Rd8 35. Bxe6 Rxd2+ 36. Kxd2 Kxe6 37. Kc3 Nd7 38. b4 g5 39. bxc5 bxc5 40. Kc4 a6 41. h4 g4 42. Ne1 Kd6 43. Nd3 Nb6+ 44. Kc3 Nd5+ 45. Kc4 g3 0-1

[Event "Locri op 2nd"]
[Site "Locri"]
[Date "2014.04.17"]
[Round "3"]
[White "Fracasso Pezzolato, Michele"]
[Black "Cordi, Domenico"]
[Result "0-1"]
[WhiteElo "1830"]
[BlackElo "1993"]
[PlyCount "58"]
[EventDate "2014.04.16"]
[EventType "swiss"]
[EventRounds "7"]
[EventCountry "ITA"]
[SourceTitle "EXT 2017"]
[Source "ChessBase"]
[SourceDate "2016.10.25"]
[SourceVersion "1"]
[SourceVersionDate "2016.10.25"]
[SourceQuality "1"]

1. e4 c5 2. Nf3 d6 3. d4 cxd4 4. Nxd4 Nf6 5. Nc3 a6 6. a4 e5 7. Nf3 h6 8. Bc4 Qc7 9. Ba2 Be7 10. h3 0-0 11. Be3 Be6 12. a5 Bxa2 13. Rxa2 Nbd7 14. 0-0 Rac8 15. Nd2 Nc5 16. f4 Qc6 17. Qf3 Ne6 18. Nd5 Qe8 19. fxe5 dxe5 20. Nxf6+ Bxf6 21. Bxh6 Nd4 22. Qg4 Qe6 23. c3 Qxg4 24. hxg4 Ne6 25. Rf5 Rfd8 26. Nf3 Nc5 27. Be3 Nxe4 28. Nxe5 g6 29. Rf4 Rd1+ 0-1

[Event "Catanzaro Province-ch"]
[Site "Catanzaro"]
[Date "2013.01.20"]
[Round "4"]
[White "Rotunno, Giuseppe"]
[Black "Cordi, Domenico"]
[Result "1/2-1/2"]
[WhiteElo "2024"]
[BlackElo "2035"]
[PlyCount "59"]
[EventDate "2013.01.18"]
[EventType "swiss"]
[EventRounds "5"]
[EventCountry "ITA"]
[SourceTitle "EXT 2014"]
[Source "ChessBase"]
[SourceDate "2013.11.20"]
[SourceVersion "1"]
[SourceVersionDate "2013.11.20"]
[SourceQuality "1"]

1. d4 Nf6 2. c4 g6 3. g3 Bg7 4. Bg2 c5 5. d5 d6 6. Nc3 0-0 7. e4 a6 8. Nge2 Qc7 9. h3 e5 10. g4 Ne8 11. Ng3 b5 12. cxb5 axb5 13. Nxb5 Qa5+ 14. Nc3 Ba6 15. Bf1 Nc7 16. Bxa6 Qxa6 17. Qe2 Nd7 18. Qxa6 Rxa6 19. b3 Rb8 20. Be3 Rxb3 21. axb3 Rxa1+ 22. Kd2 Rxh1 23. Nxh1 Bf6 24. f3 Kg7 25. Nf2 h6 26. Nd3 Bg5 27. Nb2 Kf6 28. Nc4 Ke7 29. Kd3 Bxe3 30. Kxe3 1/2-1/2

[Event "Catanzaro Province-ch"]
[Site "Catanzaro"]
[Date "2013.01.19"]
[Round "2"]
[White "Mercuri, Delia"]
[Black "Cordi, Domenico"]
[Result "0-1"]
[WhiteElo "1656"]
[BlackElo "2035"]
[PlyCount "42"]
[EventDate "2013.01.18"]
[EventType "swiss"]
[EventRounds "5"]
[EventCountry "ITA"]
[SourceTitle "EXT 2014"]
[Source "ChessBase"]
[SourceDate "2013.11.20"]
[SourceVersion "1"]
[SourceVersionDate "2013.11.20"]
[SourceQuality "1"]

1. e4 e5 2. Nf3 Nc6 3. Nc3 Nf6 4. Bb5 d6 5. h3 Be7 6. d4 exd4 7. Bxc6+ bxc6 8. Nxd4 Bd7 9. 0-0 0-0 10. Bg5 Rb8 11. Rb1 h6 12. Be3 c5 13. Nf5 Bxf5 14. exf5 d5 15. Qf3 d4 16. Rfd1 Bd6 17. Bxd4 cxd4 18. Rxd4 Bh2+ 19. Kxh2 Qxd4 20. b3 Rbd8 21. Ne2 Qe4 0-1

[Event "Palmi op 5th"]
[Site "Palmi"]
[Date "2012.01.05"]
[Round "8"]
[White "Cordi, Domenico"]
[Black "Damia, Angelo"]
[Result "1-0"]
[WhiteElo "2059"]
[BlackElo "2303"]
[PlyCount "81"]
[EventDate "2012.01.02"]
[EventType "swiss"]
[EventRounds "9"]
[EventCountry "ITA"]
[SourceTitle "CBM 146 Extra"]
[Source "ChessBase"]
[SourceDate "2012.02.29"]
[SourceVersion "1"]
[SourceVersionDate "2012.02.29"]
[SourceQuality "1"]

1. d4 Nf6 2. c4 e6 3. Nf3 c5 4. Nc3 cxd4 5. Nxd4 a6 6. a3 Qc7 7. e3 Nc6 8. Bd2 Be7 9. Be2 h5 10. Qc2 d6 11. h3 Bd7 12. 0-0 g5 13. Nxc6 Bxc6 14. e4 g4 15. h4 Nd7 16. g3 Qd8 17. Nd5 Bxh4 18. gxh4 Qxh4 19. Bf4 Rc8 20. Qc3 e5 21. Kg2 Bxd5 22. exd5 Qf6 23. Bh2 Rg8 24. Rab1 Nc5 25. Qe3 Qg6 26. b4 Nd7 27. Bd3 f5 28. c5 g3 29. fxg3 e4 30. c6 bxc6 31. Bxa6 Rc7 32. dxc6 Ne5 33. Qb6 h4 34. Qb8+ Ke7 35. Qxc7+ Ke6 36. Bc8+ Rxc8 37. Qxc8+ Ke7 38. Qxf5 h3+ 39. Kh1 Qh6 40. Qf6+ Qxf6 41. Rxf6 1-0

[Event "Palmi op 5th"]
[Site "Palmi"]
[Date "2012.01.05"]
[Round "7"]
[White "Familari, Giuseppe"]
[Black "Cordi, Domenico"]
[Result "0-1"]
[WhiteElo "1967"]
[BlackElo "2059"]
[PlyCount "92"]
[EventDate "2012.01.02"]
[EventType "swiss"]
[EventRounds "9"]
[EventCountry "ITA"]
[SourceTitle "CBM 146 Extra"]
[Source "ChessBase"]
[SourceDate "2012.02.29"]
[SourceVersion "1"]
[SourceVersionDate "2012.02.29"]
[SourceQuality "1"]

1. e4 e5 2. Nf3 Nc6 3. Bc4 Be7 4. 0-0 d6 5. c3 Nf6 6. d3 0-0 7. Nbd2 Na5 8. Re1 c6 9. Bb3 Nxb3 10. axb3 h6 11. Nf1 Be6 12. Be3 a5 13. d4 Qc7 14. Qc2 Rfe8 15. c4 Bg4 16. N1d2 Bf8 17. h3 Bh5 18. g4 Bg6 19. Nh4 Bh7 20. Nf5 Kh8 21. Kh1 Ng8 22. Nf3 Ne7 23. c5 Ng6 24. cxd6 Bxd6 25. Nxd6 Qxd6 26. Rad1 Qf6 27. Qe2 Rad8 28. g5 Qe6 29. Kh2 exd4 30. Bc1 h5 31. Rd3 Nf8 32. Qd1 c5 33. Nh4 Qd6+ 34. Rg3 Rxe4 35. Rxe4 Bxe4 36. Qxh5+ Kg8 37. Qg4 Qe6 38. Qf4 Ng6 39. Nxg6 Bxg6 40. Qc7 Qd5 41. Qxa5 Re8 42. Bf4 Re2 43. Rg2 d3 44. Bd2 Kh7 45. Rg4 Bh5 46. Rh4 Rxf2+ 0-1

[Event "Palmi op 5th"]
[Site "Palmi"]
[Date "2012.01.03"]
[Round "3"]
[White "Blasco, Domenico"]
[Black "Cordi, Domenico"]
[Result "0-1"]
[WhiteElo "1938"]
[BlackElo "2059"]
[PlyCount "54"]
[EventDate "2012.01.02"]
[EventType "swiss"]
[EventRounds "9"]
[EventCountry "ITA"]
[SourceTitle "CBM 146 Extra"]
[Source "ChessBase"]
[SourceDate "2012.02.29"]
[SourceVersion "1"]
[SourceVersionDate "2012.02.29"]
[SourceQuality "1"]

1. d4 Nf6 2. Nf3 g6 3. Nc3 Bg7 4. e4 d6 5. Be3 0-0 6. Qd2 c6 7. Bh6 b5 8. Bxg7 Kxg7 9. Bd3 Qc7 10. h4 h5 11. e5 dxe5 12. dxe5 Ng4 13. Qg5 Na6 14. Ne2 Nc5 15. Nf4 Nxd3+ 16. cxd3 Rh8 17. e6 Bxe6 18. Nxe6+ fxe6 19. 0-0 Rhf8 20. Rfe1 Rxf3 21. g3 Rxg3+ 22. Kf1 Nh2+ 23. Ke2 Rxg5 24. hxg5 Qe5+ 25. Kd1 Qxb2 26. Rc1 Rd8 27. Re3 Nf1 0-1

[Event "Amantea op-A 9th"]
[Site "Amantea"]
[Date "2011.09.05"]
[Round "2"]
[White "Drasko, Milan"]
[Black "Cordi, Domenico"]
[Result "1-0"]
[WhiteElo "2478"]
[BlackElo "2053"]
[PlyCount "91"]
[EventDate "2011.09.04"]
[EventType "swiss"]
[EventRounds "9"]
[EventCountry "ITA"]
[SourceTitle "CBM 144 Extra"]
[Source "ChessBase"]
[SourceDate "2011.10.28"]
[SourceVersion "1"]
[SourceVersionDate "2011.10.28"]
[SourceQuality "1"]

1. Nf3 Nf6 2. g3 c5 3. Bg2 g6 4. c4 Bg7 5. 0-0 0-0 6. d4 cxd4 7. Nxd4 Nc6 8. Nc3 Qb6 9. Nc2 d6 10. b3 Be6 11. Bd2 Rfd8 12. e4 Bg4 13. Qe1 Ne5 14. Be3 Qa5 15. f4 Nc6 16. h3 Be6 17. Nd5 Qxe1 18. Raxe1 Bxd5 19. cxd5 Nb8 20. Na3 Nbd7 21. Nc4 b6 22. e5 Ne8 23. e6 Nf8 24. f5 gxf5 25. exf7+ Kxf7 26. Rxf5+ Nf6 27. g4 h6 28. h4 Kg8 29. Bh3 Re8 30. g5 hxg5 31. Bxg5 N8h7 32. Rf3 Rab8 33. Be6+ Kh8 34. Bf7 Rec8 35. Rxe7 Rc5 36. Rxa7 Nxd5 37. Rd3 Nb4 38. Rxd6 Nxg5 39. hxg5 Rxg5+ 40. Kh1 b5 41. Rd2 bxc4 42. Rh2+ Bh6 43. Rxh6+ Kg7 44. Rd6 c3 45. Bc4+ Kf8 46. Rh6 1-0

[Event "Amantea op-A 9th"]
[Site "Amantea"]
[Date "2011.09.04"]
[Round "1"]
[White "Cordi, Domenico"]
[Black "Rombaldoni, Axel"]
[Result "1-0"]
[WhiteElo "2053"]
[BlackElo "2487"]
[PlyCount "83"]
[EventDate "2011.09.04"]
[EventType "swiss"]
[EventRounds "9"]
[EventCountry "ITA"]
[SourceTitle "CBM 144 Extra"]
[Source "ChessBase"]
[SourceDate "2011.10.28"]
[SourceVersion "1"]
[SourceVersionDate "2011.10.28"]
[SourceQuality "1"]

1. d4 Nf6 2. c4 g6 3. Nf3 Bg7 4. Nc3 d5 5. Bf4 0-0 6. e3 a6 7. Rc1 dxc4 8. Bxc4 b5 9. Be2 Bb7 10. 0-0 Nbd7 11. h3 Rc8 12. b4 Ne8 13. a4 c6 14. Qb3 e6 15. Ne4 Qe7 16. Nc5 Nxc5 17. Rxc5 Nf6 18. Ne5 Ne4 19. Rc2 Bxe5 20. Bxe5 bxa4 21. Qxa4 c5 22. f3 Nf6 23. Bxf6 Qxf6 24. Rxc5 Rxc5 25. bxc5 e5 26. Qb3 Qc6 27. Rb1 Bc8 28. Qc3 exd4 29. Qxd4 Qc7 30. Rb6 Qg3 31. Kf1 Qh2 32. e4 a5 33. Bb5 Be6 34. Rd6 h5 35. Bc4 Qh1+ 36. Kf2 Bxc4 37. Qxc4 Kh7 38. Rd7 Kh6 39. c6 Rb8 40. Qc3 Rb1 41. Qh8+ Kg5 42. f4+ 1-0

[Event "St Eufemia d'Aspromonte op 4th"]
[Site "St Eufemia d'Aspromonte"]
[Date "2011.01.06"]
[Round "9"]
[White "Cordi, Domenico"]
[Black "Dragojlovic, Andjelko"]
[Result "1/2-1/2"]
[WhiteElo "2053"]
[BlackElo "2379"]
[PlyCount "112"]
[EventDate "2011.01.02"]
[EventType "swiss"]
[EventRounds "9"]
[EventCountry "ITA"]
[SourceTitle "CBM 140 Extra"]
[Source "ChessBase"]
[SourceDate "2011.03.01"]
[SourceVersion "1"]
[SourceVersionDate "2011.03.01"]
[SourceQuality "1"]

1. d4 g6 2. c4 Nf6 3. Nc3 d5 4. cxd5 Nxd5 5. e4 Nxc3 6. bxc3 Bg7 7. Bc4 c5 8. Be3 0-0 9. Ne2 Nc6 10. 0-0 Qc7 11. Rc1 Rd8 12. Qc2 Na5 13. Bb3 Nxb3 14. axb3 b6 15. Rfd1 e6 16. b4 c4 17. Qd2 Bb7 18. f3 f5 19. Nf4 Qf7 20. Qe2 b5 21. d5 exd5 22. exd5 Rd7 23. Qf2 Bxd5 24. Bd4 Rad8 25. Bxg7 Qxg7 26. Qc5 Qe5 27. Nxd5 Rxd5 28. Rxd5 Qxd5 29. Qxd5+ Rxd5 30. Ra1 Rd7 31. Ra5 Rb7 32. f4 Kf7 33. Ra6 Ke7 34. h3 Kd7 35. Kf2 Kc8 36. g4 Rf7 37. gxf5 Rxf5 38. Kg3 Kb7 39. Re6 Rf7 40. Kg4 Rd7 41. h4 Rf7 42. Kg3 Kc8 43. Kg4 Kd7 44. Ra6 Ke8 45. Ra5 Rb7 46. Ra6 Kf7 47. Kg5 Kg7 48. h5 gxh5 49. Kxh5 Rd7 50. Kg4 Kf8 51. Ra5 Rb7 52. Kg5 Rg7+ 53. Kf5 Rb7 54. Kg5 Kg7 55. Ra6 Rd7 56. Ra5 Rb7 1/2-1/2

[Event "St Eufemia d'Aspromonte op 4th"]
[Site "St Eufemia d'Aspromonte"]
[Date "2011.01.04"]
[Round "5"]
[White "Pisacane, Pietro"]
[Black "Cordi, Domenico"]
[Result "0-1"]
[WhiteElo "1920"]
[BlackElo "2053"]
[PlyCount "70"]
[EventDate "2011.01.02"]
[EventType "swiss"]
[EventRounds "9"]
[EventCountry "ITA"]
[SourceTitle "CBM 140 Extra"]
[Source "ChessBase"]
[SourceDate "2011.03.01"]
[SourceVersion "1"]
[SourceVersionDate "2011.03.01"]
[SourceQuality "1"]

1. d4 Nf6 2. c4 g6 3. Nc3 Bg7 4. e4 d6 5. Nf3 0-0 6. Be2 e5 7. 0-0 Nc6 8. d5 Ne7 9. b4 Nh5 10. c5 Nf4 11. Bc4 Kh8 12. Ne1 f5 13. f3 Ng8 14. Be3 h5 15. Nd3 Nxd3 16. Bxd3 Bh6 17. Bf2 Rf7 18. a4 f4 19. cxd6 cxd6 20. a5 g5 21. Be2 Nf6 22. Qe1 Ne8 23. Rc1 g4 24. Bh4 Bg5 25. Bxg5 Qxg5 26. g3 gxf3 27. Rxf3 Bg4 28. Rf2 Bh3 29. Bf1 Bxf1 30. Qxf1 Nf6 31. Rg2 Ng4 32. Nd1 Raf8 33. gxf4 Rxf4 34. Nf2 Rxf2 35. Qxf2 Qxc1+ 0-1

[Event "St Eufemia d'Aspromonte op 4th"]
[Site "St Eufemia d'Aspromonte"]
[Date "2011.01.02"]
[Round "2"]
[White "Cordi, Domenico"]
[Black "Blasco, Domenico"]
[Result "1/2-1/2"]
[WhiteElo "2053"]
[BlackElo "1923"]
[PlyCount "123"]
[EventDate "2011.01.02"]
[EventType "swiss"]
[EventRounds "9"]
[EventCountry "ITA"]
[SourceTitle "CBM 140 Extra"]
[Source "ChessBase"]
[SourceDate "2011.03.01"]
[SourceVersion "1"]
[SourceVersionDate "2011.03.01"]
[SourceQuality "1"]

1. d4 Nf6 2. c4 c5 3. d5 b5 4. cxb5 a6 5. bxa6 e6 6. Nc3 Nxd5 7. Nxd5 exd5 8. Qxd5 Nc6 9. e3 Be7 10. Nf3 Bxa6 11. Bxa6 Qa5+ 12. Bd2 Qxa6 13. Ne5 0-0 14. Nxc6 dxc6 15. Qf5 Bf6 16. Qxc5 Rfd8 17. Rc1 Bxb2 18. Rc2 Bf6 19. a3 Rab8 20. Qc4 Rb1+ 21. Bc1 Qxa3 22. 0-0 Qb3 23. Qxc6 h6 24. h3 Kh8 25. Qe4 Kg8 26. Qf5 Qb5 27. Qg4 Qd7 28. Qf3 Qd3 29. Qc6 Kh8 30. Rd2 Qb5 31. Rxd8+ Bxd8 32. Qxb5 Rxb5 33. Rd1 Bf6 34. Kf1 Kh7 35. Ke2 Kg6 36. f3 Bb2 37. Bd2 Bf6 38. Rc1 Rb7 39. Rc6 Rb2 40. g4 Ra2 41. h4 Kh7 42. h5 Ba1 43. f4 Ra7 44. Bb4 Bf6 45. Bc5 Rd7 46. Kf3 Rb7 47. Bd4 Be7 48. Ra6 Bb4 49. g5 hxg5 50. fxg5 Be7 51. Ra5 Rb1 52. e4 Rh1 53. Kg4 Rd1 54. Rd5 Bb4 55. g6+ fxg6 56. hxg6+ Kxg6 57. Rg5+ Kf7 58. Rxg7+ Ke6 59. Rg6+ Kf7 60. Rg7+ Ke6 61. Rg6+ Kf7 62. Rg7+ 1/2-1/2

[Event "Amantea op-A 8th"]
[Site "Amantea"]
[Date "2010.09.03"]
[Round "7"]
[White "Cordi, Domenico"]
[Black "Gromovs, Sergejs"]
[Result "0-1"]
[WhiteElo "2047"]
[BlackElo "2365"]
[PlyCount "62"]
[EventDate "2010.08.29"]
[EventType "swiss"]
[EventRounds "9"]
[EventCountry "ITA"]
[SourceTitle "CBM 138 Extra"]
[Source "ChessBase"]
[SourceDate "2010.10.29"]
[SourceVersion "1"]
[SourceVersionDate "2010.10.29"]
[SourceQuality "1"]

1. d4 Nf6 2. c4 e6 3. Nf3 b6 4. a3 Ba6 5. Nbd2 Bb7 6. g3 g5 7. Bg2 g4 8. Nh4 Bxg2 9. Nxg2 Nc6 10. e3 h5 11. b3 d5 12. Bb2 Bd6 13. Qc2 Qd7 14. Rc1 Nd8 15. e4 dxe4 16. Nxe4 Nxe4 17. Qxe4 c6 18. 0-0 f5 19. Qe3 Nf7 20. c5 Bc7 21. d5 Rh6 22. dxc6 Qxc6 23. cxb6 Qxb6 24. Bd4 Qb7 25. Nf4 Ng5 26. f3 Bxf4 27. gxf4 Nxf3+ 28. Rxf3 gxf3 29. Qe5 Rd8 30. Rc7 Qxb3 31. Rg7 Qd1+ 0-1

[Event "Campobasso op-A 17th"]
[Site "Campobasso"]
[Date "2010.07.25"]
[Round "5"]
[White "Cordi, Domenico"]
[Black "Fezza, Davide"]
[Result "0-1"]
[WhiteElo "2047"]
[BlackElo "2070"]
[PlyCount "58"]
[EventDate "2010.07.22"]
[EventType "swiss"]
[EventRounds "6"]
[EventCountry "ITA"]
[SourceTitle "EXT 2013"]
[Source "ChessBase"]
[SourceDate "2012.11.22"]
[SourceVersion "1"]
[SourceVersionDate "2012.11.22"]
[SourceQuality "1"]

1. d4 Nf6 2. c4 g6 3. Nc3 Bg7 4. e4 d6 5. Nf3 0-0 6. Be2 e5 7. 0-0 Nc6 8. d5 Ne7 9. Bd2 Ne8 10. Ne1 f5 11. f3 f4 12. b4 g5 13. c5 h5 14. Nd3 Ng6 15. Rc1 Nh4 16. cxd6 cxd6 17. Nf2 Rf7 18. a4 Bf8 19. Kh1 Nf6 20. Be1 Rg7 21. Nd3 Nh7 22. Nf2 g4 23. fxg4 hxg4 24. Nxg4 Qg5 25. h3 Nf6 26. Bxh4 Qxh4 27. Nxf6+ Qxf6 28. Bf3 Qh6 29. Rc2 Be7 0-1

[Event "Cutro op-A 16th"]
[Site "Cutro "]
[Date "2010.04.25"]
[Round "2"]
[White "Mrdja, Milan"]
[Black "Cordi, Domenico"]
[Result "1-0"]
[WhiteElo "2376"]
[BlackElo "2055"]
[PlyCount "35"]
[EventDate "2010.04.24"]
[EventType "swiss"]
[EventRounds "9"]
[EventCountry "ITA"]
[SourceTitle "EXT 2012"]
[Source "ChessBase"]
[SourceDate "2011.11.24"]
[SourceVersion "1"]
[SourceVersionDate "2011.11.24"]
[SourceQuality "1"]

1. e4 c5 2. Nf3 e6 3. d4 cxd4 4. Nxd4 a6 5. Bd3 Nf6 6. Nc3 Qc7 7. Qe2 d6 8. f4 Nc6 9. Nf3 Be7 10. e5 dxe5 11. fxe5 Nd7 12. Bf4 Bb4 13. 0-0 Bxc3 14. bxc3 Ne7 15. c4 Ng6 16. Bg3 0-0 17. Rae1 b6 18. Ng5 1-0

[Event "St Eufemia d'Aspromonte op 3rd"]
[Site "St Eufemia d'Aspromonte"]
[Date "2010.01.06"]
[Round "7"]
[White "Cordi, Domenico"]
[Black "Seletsky, Grigory"]
[Result "0-1"]
[WhiteElo "2072"]
[BlackElo "2345"]
[PlyCount "61"]
[EventDate "2010.01.02"]
[EventType "swiss"]
[EventRounds "7"]
[EventCountry "ITA"]
[SourceTitle "CBM 134 Extra"]
[Source "ChessBase"]
[SourceDate "2010.03.03"]
[SourceVersion "1"]
[SourceVersionDate "2010.03.03"]
[SourceQuality "1"]

1. d4 Nf6 2. c4 g6 3. Nc3 Bg7 4. e4 d6 5. Nf3 Bg4 6. Be3 Nfd7 7. Qd2 Bxf3 8. gxf3 c5 9. d5 a6 10. h4 h5 11. Be2 Qa5 12. f4 Qb4 13. Qc2 Qa5 14. Bd2 Qc7 15. Rg1 Bf6 16. Rg5 Nf8 17. Nb1 Nbd7 18. Bc3 Nh7 19. Nd2 Nxg5 20. hxg5 Bxc3 21. Qxc3 0-0-0 22. Nf3 h4 23. 0-0-0 Rh7 24. Ng1 Kb8 25. Bg4 b5 26. Bh3 Ka7 27. Nf3 Rb8 28. e5 bxc4 29. exd6 exd6 30. Nd2 Nb6 31. Ne4 0-1